000 00618nam a2200229 a 4500
001 BS0002696
003 BR-BrBNA
005 20230418192113.0
008 230308b |||||||| |||| 00| 0 por d
040 _aBR-BrBNA
_bpor
_cBiblioteca Nacional de Agricultura
041 _apor
072 _aB54
090 _aB54 BS0002696
100 1 _aGauditano, Rosa
245 1 _aPovos Indígenas no Brasil /
260 3 _aSão Paulo, SP:
_c2011.
300 _a78 p.
500 _aTradução para o Inglês/English: Thomas Nerney.
650 _aANTROPOLOGIA/ETNIAS
909 _a202304
_bSergio Santos
_c56
_dSergio Santos
942 _cBK
999 _c7754
_d7754